Obálka Náhled e-knihy:
Epub
Pro půjčování e-knih musíte být přihlášeni.
Jak si půjčit online?

Tvůrci světů. II., Odplata /

Pokračování zajímavého sci-fi románu oblíbeného českého žánrového autora.

Uloženo v:
Série:Tvůrci světů, část 2
Hlavní autor: Drescher, Alex, 1972- (Autor)
Médium: E-kniha
Jazyk:Czech
Vydáno: Ostrava : Fantom Print, 2019
Vydání:1. vydání
Témata:
Příbuzné jednotky:Z cyklu:: Tvůrci světů
Tagy:
Žádné tagy
LEADER 02069cam a2200409 i 4500
001 311109
003 CZ PrSKC
005 20260601215659.0
007 ta
008 191119s2019 xr g 000 f cze
015 |a cnb003160305 
020 |a 9788075940438  |q (brožováno) 
035 |a (OCoLC)1135593959 
040 |a ABG001  |b cze  |d ABA001  |e rda 
072 7 |a 821.162.3-3  |x Česká próza  |2 Konspekt 
080 |a 821.162.3-31  |2 MRF 
080 |a (0:82-311.9)  |2 MRF 
100 1 |a Drescher, Alex,  |d 1972-  |7 xx0066461  |4 aut 
245 1 0 |a Tvůrci světů.  |n II.,  |p Odplata /  |c Alex Drescher 
246 3 0 |a Odplata 
250 |a 1. vydání 
264 1 |a Ostrava :  |b Fantom Print,  |c 2019 
300 |a 319 stran ;  |c 21 cm 
336 |a text  |b txt  |2 rdacontent 
337 |a bez média  |b n  |2 rdamedia 
338 |a svazek  |b nc  |2 rdacarrier 
520 2 |a Pokračování zajímavého sci-fi románu oblíbeného českého žánrového autora.  |b Jeden z Kryštofových světů byl prodán výměnou za to, aby se mocný padouch zbavil smrtící kletby. Branou se valí pluky Temných a velká a krvavá sklizeň hříšníků může začít. Kryštof Farský, geniální dítě mezi Tvůrci, se rozhodne hrát vabank. Sáhne po zbrani nevídaného kalibru, která má však jednu vadu na kráse: svého vynálezce připravila nejdřív o rozum, pak o život. Nakladatelská anotace. Kráceno. 
655 7 |a české romány  |7 fd133974  |2 czenas 
655 7 |a vědecko-fantastické romány  |7 fd133847  |2 czenas 
655 9 |a Czech fiction  |2 eczenas 
655 9 |a science fiction novels  |2 eczenas 
787 0 8 |i Z cyklu:  |t Tvůrci světů  |g 2 
900 |a ABA001  |b 21 
044 |a xr 
910 |a RBIT002 
998 |d 202415  |a https://core.palmknihy.cz/api/books/202415/cover?q0hsro  |b https://core.palmknihy.cz/api/books/202415/cover/400?q0hsro  |c https://core.palmknihy.cz/api/books/202415/cover/50?q0hsro  |e 2026-11-07  |g 320  |i 9788075940438  |j https://core.palmknihy.cz/api/books/202415/preview.epub  |l   |q 49  |r 1  |s https://www.palmknihy.cz/kniha/202415  |t ebook  |y 2019  |z 0  |v Tvůrci světů  |w 2 
999 |d 311107